000 00285nam a2200121Ia 4500
008 190216s9999||||xx |||||||||||||| ||und||
100 _aKovunni Nedungadi
245 0 _aMalayalam-Keralakoumudi
260 _bPoorna Pubs Kozhikode
300 _a176
650 _aMalayalam
942 _cBK
999 _c26872
_d26872